Základné rámce tvorby stratégie sociálno-ekonomického rozvoja (vybrané otázky) dizertačná práca
Guardado en:
| Autor principal: | |
|---|---|
| Autor Corporativo: | |
| Otros Autores: | |
| Formato: | Libro |
| Lenguaje: | eslovaco alemán |
| Publicado: |
Bratislava
1998
|
| Materias: | |
| Etiquetas: |
Sin Etiquetas, Sea el primero en etiquetar este registro!
|
MARC
| LEADER | 00000nam a2200000 4500 | ||
|---|---|---|---|
| 001 | c117431 | ||
| 005 | 20240104091735.5 | ||
| 041 | 0 | |a slo | |
| 041 | 0 | |a ger | |
| 044 | |a SK | ||
| 245 | 1 | 0 | |a Základné rámce tvorby stratégie sociálno-ekonomického rozvoja (vybrané otázky) |b dizertačná práca |c Štefan Rosina ml. ; školiteľ: Pavol Vincúr |
| 264 | 1 | |a Bratislava |c 1998 | |
| 300 | |a 161 s. | ||
| 610 | 2 | 0 | |a rozvoj sociálno-ekonomický |
| 610 | 2 | 0 | |a futurológia |
| 610 | 2 | 0 | |a hospodárstvo svetové |
| 610 | 2 | 0 | |a hospodárstvo kontinentov |
| 610 | 2 | 0 | |a Európska únia |
| 610 | 2 | 0 | |a Európske spoločenstvá |
| 610 | 2 | 0 | |a Slovensko |
| 610 | 2 | 0 | |a stratégia hospodárska |
| 610 | 2 | 0 | |a kapitál |
| 610 | 2 | 0 | |a pohyb kapitálu |
| 610 | 2 | 0 | |a kapitál zahraničný |
| 100 | 1 | |a Rosina, Štefan, ml. | |
| 700 | 1 | |a Vincúr, Pavol | |
| 710 | 2 | |a Národohospodárska fakulta EU. Katedra hospodárskej politiky | |